000 00313nam a22001337a 4500
020 _a9780070378056
040 _cNust
082 _a532
_bLIG'F
100 _aJames A.Liggett
_9125913
245 _aFluid mechanics
260 _aNew York:
_bMcGraw -Hill,
_c1994.
650 _aFluid mechanics
942 _2ddc
_cBK
999 _c611919
_d611919